Докладная записка заведующего отделом Управления кадров ЦК ВКП(б) Н. В. Киселева и уполномоченного наркома электростанций СССР [...

RUSMARC
00004620cbm0a2200301#x 450
001765447da-b2a1-40e6-898e-8d3d7a9f2642
00520240507152034.0
100##$a20240109j19430409k###0rusy50 ca
1010#$arus
102##$aRU
1220#$ad19430409##
2001#$aДокладная записка заведующего отделом Управления кадров ЦК ВКП(б) Н. В. Киселева и уполномоченного наркома электростанций СССР [В. С.] Плотникова Г. М. Маленкову о вывозе энергетического оборудования из Ленинграда в период 26 октября 1942 г. - 1 апреля 1943 г.
$j9 апреля 1943 г.
251##$cДокумент
300##$aПодлинник
461#0$12001
$aФ. 17
$1251
$cФонд
$1852
$j17
462#0$12001
$aОп. 127
$1251
$cОпись
$1852
$j127
462#0$12001
$aД. 412
$vЛ. 31-32
$1251
$cДело
$1852
$j412
605##$2prlib_sh
$3LIBNET\UAF\0000088514
$aВторая мировая война в архивных документах (Комплекс оцифрованных архивных документов, кино- и фотоматериалов)
$lколлекция
6061#$2nlr_sh
$3RU\NLR\AUTH\661253360
$aБлокада Ленинграда
$z1941 – 1944
$jДокументы и материалы
6061#$2nlr_sh
$3RU\NLR\AUTH\661264807
$aВеликая Отечественная война
$z1941 - 1945
$yЛенинградская область
$jДокументы и материалы
686##$a63.3(2)622,12ю1
$vLBC/M
$2rubbk
686##$a63.3(2)622,13ю1
$vLBC/M
$2rubbk
801#0$aRU
$bПБ им. Б.Н. Ельцина
$c20240109
801#1$aRU
$bПБ им. Б.Н. Ельцина
$c20240109
$2rusmarc
801#2$aRU
$bПБ им. Б.Н. Ельцина
$c20240109
$2rusmarc
850##$aРоссийский государственный архив социально-политической истории
852##$aРГАСПИ
$jЛ. 31-32
8564#$nПБ им. Б.Н. Ельцина
$uhttp://readingroom.main.prlib.ru/item.aspx?id_node=n190271360&mode=full
035##$aLIBNET\0001372319
937##$d190271360
$hФедеральное архивное агентство
Формат отображения